000 00402nam a2200181Ia 4500
001 11701
005 20260306162847.0
008 260306t1948||||xx |||||||||||||| ||spa||
041 _aESP
082 _a990
_bV28
100 _aWillem Van Lonn, Hendrik
_eAUT
245 0 _aHistoria del pacĂ­fico
260 _c1948
300 _a
_c
650 _aGEN
654 _aCHU
942 _cLIB
_dJUS
_fJUS
_2ddc
_n
999 _c11701
_d11701